| 000 | 00560nam a2200193 ab4500 | ||
|---|---|---|---|
| 001 | 000038935 | ||
| 003 | DO-SdBNP | ||
| 005 | 20240305130541.0 | ||
| 007 | ta | ||
| 008 | 130507s1987 dr 000 0 spa d | ||
| 040 |
_aDO-SdBNP _bspa _cBNPHU |
||
| 082 | 4 |
_bT231c _222 |
|
| 100 | 1 |
_aTavares K., Juan Tomás, _d1953- _948925 |
|
| 245 | 1 | 0 |
_aChele a chele : _bnuestro sistema de ahorros y prestámos / _cJuan Tomás Tavares K. |
| 260 |
_aSanto Domingo : _bCorripio, _c1987. |
||
| 300 |
_a[14 p.] ; _c24 cm. |
||
| 590 | _aInventariado, 2022/BT | ||
| 942 |
_2ddc _cLF2 |
||
| 999 |
_c38425 _d38425 |
||